How the British will travel 2005
Αποθηκεύτηκε σε:
| Κύριος συγγραφέας: | |
|---|---|
| Άλλοι συγγραφείς: | |
| Μορφή: | Βιβλίο |
| Γλώσσα: | English |
| Δημοσίευση: |
Bielefeld, Germany :
Tourism Intelligent International,
c2000
|
| Θέματα: | |
| Ετικέτες: |
Προσθήκη ετικέτας
Δεν υπάρχουν, Καταχωρήστε ετικέτα πρώτοι!
|
MARC
| LEADER | 00000cam a2200000 i 4500 | ||
|---|---|---|---|
| 001 | 1/20839 | ||
| 008 | 010828s2000 eng d | ||
| 020 | |a 976-95061-09 | ||
| 035 | |l 10067197 | ||
| 040 | |a GR-MY-UA |b gre |e aacr | ||
| 041 | 0 | |a eng | |
| 082 | 0 | |a 338.479141 | |
| 100 | 1 | |a Poon, Auliana. | |
| 245 | 1 | 0 | |a How the British will travel 2005 / |c Auliana Poon, Eric Adams |
| 260 | |a Bielefeld, Germany : |b Tourism Intelligent International, |c c2000 | ||
| 300 | |a xvii, 224 p. | ||
| 500 | |a Everything you need to know about the british travel market | ||
| 650 | 0 | 0 | |a Tourism |z Great Britain. |
| 700 | 1 | |a Adams, Eric. | |
| 852 | |a INST |b CHIOS |e 20010828 |h 338.479141 POO |p 005200021041 |q 005200021041 |t BK |y 0 | ||
| 901 | |a BIBL2-2001-2 | ||
| 909 | |a Χ |b 083864 | ||
| 970 | |a ΣΠΕΝΤΖΑ |b ΕΛΕΝΗ |z 2001/08/28 | ||